Tareq (Record no. 126)
[ view plain ]
| 000 -LEADER | |
|---|---|
| campo de control de longitud fija | 00943nmm a2200289 a 4500 |
| 003 - IDENTIFICADOR DE NÚMERO DE CONTROL | |
| campo de control | AR-BaBNM |
| 005 - FECHA Y HORA DE LA ÚLTIMA TRANSACCIÓN | |
| campo de control | 20251128202702.0 |
| 008 - DATOS DE LONGITUD FIJA--INFORMACIÓN GENERAL | |
| campo de control de longitud fija | 035020s2003 ||||||||||||||000 | spa|| |
| 020 ## - NÚMERO INTERNACIONAL ESTÁNDAR DEL LIBRO | |
| Número Internacional Estándar del Libro | 84-89712-85-9 |
| 040 ## - FUENTE DE CATALOGACIÓN | |
| Centro/agencia transcriptor | AR-BaBNM |
| 245 10 - MENCIÓN DEL TÍTULO | |
| Título | Tareq |
| Resto del título | curso multimedia de árabe básico |
| 260 ## - PUBLICACIÓN, DISTRIBUCIÓN, ETC. | |
| Lugar de publicación, distribución, etc. | [Barcelona] |
| Nombre del editor, distribuidor, etc. | Didaco |
| Fecha de publicación, distribución, etc. | 2003 |
| 300 0# - DESCRIPCIÓN FÍSICA | |
| Extensión | 4 v. |
| Otros detalles físicos | il. |
| Material acompañante/anejo | 3 videos y 4 CDs |
| 500 0# - NOTA GENERAL | |
| Nota general | El vol. 4 corresponde a la versión en inglés (Basic arabic multimedia course) |
| 500 0# - NOTA GENERAL | |
| Nota general | Solicitar cds y videos en Mediateca |
| 505 ## - NOTA DE CONTENIDO CON FORMATO | |
| Título | Introducción, caligrafía y gramática |
| 505 ## - NOTA DE CONTENIDO CON FORMATO | |
| Título | Guía de ejercicios, guión de video y glosario |
| 505 ## - NOTA DE CONTENIDO CON FORMATO | |
| Título | Guión en árabe del audio y video y guía de soluciones |
| 505 ## - NOTA DE CONTENIDO CON FORMATO | |
| Título | Exercise workbook |
| 650 #4 - PUNTO DE ACCESO ADICIONAL DE MATERIA--TÉRMINO DE MATERIA | |
| Término de materia o nombre geográfico como elemento de entrada | ENSENANZA DE IDIOMAS |
| 650 #4 - PUNTO DE ACCESO ADICIONAL DE MATERIA--TÉRMINO DE MATERIA | |
| Término de materia o nombre geográfico como elemento de entrada | ARABE |
| 650 #4 - PUNTO DE ACCESO ADICIONAL DE MATERIA--TÉRMINO DE MATERIA | |
| Término de materia o nombre geográfico como elemento de entrada | LENGUA EXTRANJERA |
| 650 #4 - PUNTO DE ACCESO ADICIONAL DE MATERIA--TÉRMINO DE MATERIA | |
| Término de materia o nombre geográfico como elemento de entrada | LIBROS DE TEXTO |
| 650 #4 - PUNTO DE ACCESO ADICIONAL DE MATERIA--TÉRMINO DE MATERIA | |
| Término de materia o nombre geográfico como elemento de entrada | ACTIVIDADES DE APRENDIZAJE |
| 942 ## - ELEMENTOS DE ENTRADA SECUNDARIOS (KOHA) | |
| Tipo de ítem Koha | Libros |
| 998 ## - INFORMACIÓN DE CONTROL LOCAL (RLIN) | |
| Iniciales del catalogador, CIN (RLIN) | me-solo cat |
| Estatus retirado | Estado de pérdida | Fuente de la clasificación o esquema de estantería | Estado de daño | Restricciones de uso | No para préstamo | Biblioteca de origen | Biblioteca actual | Ubicación en estantería | Fecha de adquisición | Total de préstamos | Signatura topográfica completa | Código de barras | Visto por última vez | Precio de reemplazo | Tipo de ítem Koha |
|---|---|---|---|---|---|---|---|---|---|---|---|---|---|---|---|
| Clasificación Decimal Dewey | Acceso restringido | No para préstamo | Liberty | Liberty | 28/11/2025 | 809.2 TAR 1 | 137712 | 28/11/2025 | 28/11/2025 | Libros | |||||
| Clasificación Decimal Dewey | Acceso restringido | No para préstamo | Liberty | Liberty | 28/11/2025 | 809.2 TAR 2 | 137713 | 28/11/2025 | 28/11/2025 | Libros | |||||
| Clasificación Decimal Dewey | Acceso restringido | No para préstamo | Liberty | Liberty | 28/11/2025 | 809.2 TAR 3 | 137714 | 28/11/2025 | 28/11/2025 | Libros | |||||
| Clasificación Decimal Dewey | Acceso restringido | No para préstamo | Liberty | Liberty | 28/11/2025 | 809.2 TAR 4 | 137715 | 28/11/2025 | 28/11/2025 | Libros |